Progress report on the forest administration of the marwar state (Rajputana) (Record no. 557236)

MARC details
000 -LEADER
fixed length control field 00786nam a2200241Ia 4500
003 - CONTROL NUMBER IDENTIFIER
control field OSt
005 - DATE AND TIME OF LATEST TRANSACTION
control field 20220925211303.0
008 - FIXED-LENGTH DATA ELEMENTS--GENERAL INFORMATION
fixed length control field 220923b |||||||| |||| 00| 0 eng d
037 ## - SOURCE OF ACQUISITION
Terms of availability General Book
040 ## - CATALOGING SOURCE
Original cataloging agency RTL
Transcribing agency RTL
Language of cataloging eng
041 ## - LANGUAGE CODE
Source of code eng
Language code of text/sound track or separate title eng
110 ## - MAIN ENTRY--CORPORATE NAME
Corporate name or jurisdiction name as entry element MARWAR, FOREST (Department).
9 (RLIN) 274272
245 #0 - TITLE STATEMENT
Title Progress report on the forest administration of the marwar state (Rajputana)
Remainder of title 1917-18.
260 ## - PUBLICATION, DISTRIBUTION, ETC.
Place of publication, distribution, etc. Jodhpur
Name of publisher, distributor, etc. Forest department of Marwar.
Date of publication, distribution, etc. 1922
300 ## - PHYSICAL DESCRIPTION
Extent iv,58p
Dimensions cm.
500 ## - GENERAL NOTE
General note App.:p27-58p
700 ## - ADDED ENTRY--PERSONAL NAME
Personal name MARWAR, FOREST (Department).
9 (RLIN) 274273
942 ## - ADDED ENTRY ELEMENTS (KOHA)
Classification part X9(JB).28252.N18<--N17r, F2.21
Koha item type General Books
Source of classification or shelving scheme Colon Classification (CC)
Holdings
Withdrawn status Lost status Damaged status Not for loan Home library Current library Date acquired Total Checkouts Full call number Barcode Date last seen Price effective from Koha item type
        Ratan Tata Library Ratan Tata Library 2022-09-25   X9(JB).28252.N18<--N17r F2.21 RT1403446 2022-09-25 2022-09-25 General Books
Copyright @ Delhi University Library System